000 00841nam a22002897a 4500
003 CHAP
005 20220329135841.0
008 971013s1972 r 00010 d
010 _a43281
011 _a44253
035 _a48391
040 _cCHAP
082 _a519.2
_bR34
100 0 0 _aRahman, N. A.
_993743
245 _aPractical exercises in probability and statistics
260 _aLondon :
_bGriffin,
_c1972
300 _a338 p.
590 _aBATCH-UPD
_b10
_c20130110
_lUCH01
_h1628
590 _aBATCH-UPD
_b10
_c20130410
_lUCH01
_h1022
590 _aBATCH-UPD
_b10
_c20130914
_lUCH01
_h1324
590 _aCONVERSION
_b10
_c20130109
_lUCH01
_h1324
650 1 4 _aEstadística.
_938241
650 1 4 _aProbabilidades.
_991687
901 _aBK
942 _cLIBRO
949 _a519.2 R34
_bBC
_cLIBRO
_d33724000437026
_eLIBRO
_h1115
_i48391
_si
999 _c43281
_d43281